Flags of countries of the world #4 - Statistics

General Stats
  • This quiz has been taken 31 times
  • The average score is 16 of 18
Answer Stats
Picture Answer % Correct
Germany
93%
India
93%
Jamaica
93%
Kenya
93%
Malaysia
93%
Mexico
93%
South Africa
93%
Spain
93%
Uzbekistan
93%
Libya
86%
Oman
86%
Saudi Arabia
86%
Singapore
86%
South Sudan
86%
Turkmenistan
86%
Comoros
79%
Eswatini
79%
Maldives
79%
No matching quizzes found
Score Distribution
Percent of People with Each Score
Percentile by Number Answered
Your Score History
You have not taken this quiz